US Capitals Quiz Stats

 Plays Quiz Updated Mar 18, 2020

Support Sporcle.
Go Orange.
Score 0/50 Timer 10:00
561 Plays Today
Capital % Correct
Austin,
Texas
86.3%
Sacramento,
California
85.9%
Honolulu,
Hawaii
85.6%
Boston,
Massachusetts
85.3%
Atlanta,
Georgia
84.9%
Denver,
Colorado
84.9%
Albany,
New York
84.4%
Oklahoma City,
Oklahoma
83.7%
Salt Lake City,
Utah
83.6%
Tallahassee,
Florida
82.3%
Indianapolis,
Indiana
82.2%
Phoenix,
Arizona
82.1%
Little Rock,
Arkansas
79.3%
Juneau,
Alaska
78.9%
Baton Rouge,
Louisiana
78.8%
Nashville,
Tennessee
78.7%
Boise,
Idaho
78.4%
Santa Fe,
New Mexico
75.2%
Columbus,
Ohio
75.1%
Springfield,
Illinois
74.8%
Dover,
Delaware
74.3%
Carson City,
Nevada
74.1%
Olympia,
Washington
74.1%
Raleigh,
North Carolina
73.9%
Salem,
Oregon
73.6%
Capital % Correct
Trenton,
New Jersey
73.2%
Providence,
Rhode Island
73.2%
Helena,
Montana
72.8%
Saint Paul,
Minnesota
72.5%
Topeka,
Kansas
71.9%
Jackson,
Mississippi
71.5%
Augusta,
Maine
71.2%
Des Moines,
Iowa
71.1%
Hartford,
Connecticut
71%
Lincoln,
Nebraska
70.5%
Richmond,
Virginia
70.4%
Lansing,
Michigan
70.3%
Madison,
Wisconsin
70.1%
Annapolis,
Maryland
69.7%
Cheyenne,
Wyoming
69.5%
Bismarck,
North Dakota
69%
Harrisburg,
Pennsylvania
68.9%
Montgomery,
Alabama
68.8%
Pierre,
South Dakota
68%
Montpelier,
Vermont
66.2%
Columbia,
South Carolina
65.6%
Frankfort,
Kentucky
65.2%
Charleston,
West Virginia
62.5%
Concord,
New Hampshire
61.9%
Jefferson City,
Missouri
61.2%

From the Vault

Simpsons Guest Stars: Athlete Edition

by redhed311

You might have won the Super Bowl or World Series, but I think you know you have really made it as an athlete when you have appeared on The Simpsons.
Remove Ads.
Support Sporcle.
Get the best of Sporcle when you Go Orange. This ad-free experience offers more features, more stats, and more fun while also helping to support Sporcle. Thank you for becoming a member.

Show Comments

Extras

Top Quizzes Today


Score Distribution

Your Account Isn't Verified!

In order to create a playlist on Sporcle, you need to verify the email address you used during registration. Go to your Sporcle Settings to finish the process.

Report this User

Report this user for behavior that violates our Community Guidelines.

Details: